<?xml version="1.0" encoding="UTF-8"?>
<record
    xmlns:xsi="http://www.w3.org/2001/XMLSchema-instance"
    xsi:schemaLocation="http://www.loc.gov/MARC21/slim http://www.loc.gov/standards/marcxml/schema/MARC21slim.xsd"
    xmlns="http://www.loc.gov/MARC21/slim">

  <leader>01821cam a2200421 a 4500</leader>
  <controlfield tag="001">4416</controlfield>
  <controlfield tag="005">20250801143130.0</controlfield>
  <datafield tag="020" ind1=" " ind2=" ">
    <subfield code="a">9780545344616</subfield>
  </datafield>
  <datafield tag="040" ind1=" " ind2=" ">
    <subfield code="a">NLC</subfield>
    <subfield code="b">eng</subfield>
    <subfield code="c">NLC</subfield>
    <subfield code="d">BAKER</subfield>
    <subfield code="d">BTCTA</subfield>
    <subfield code="d">HSA</subfield>
    <subfield code="d">IHE</subfield>
    <subfield code="d">EHH</subfield>
    <subfield code="d">YDXCP</subfield>
    <subfield code="d">UPZ</subfield>
    <subfield code="d">VP@</subfield>
    <subfield code="d">XY4</subfield>
    <subfield code="d">TXA</subfield>
    <subfield code="d">CUY</subfield>
    <subfield code="d">JBO</subfield>
    <subfield code="d">MNF</subfield>
    <subfield code="d">CQU</subfield>
    <subfield code="d">AU@</subfield>
    <subfield code="d">BDX</subfield>
    <subfield code="d">CNAHP</subfield>
    <subfield code="d">P4I</subfield>
    <subfield code="d">CNNWL</subfield>
    <subfield code="d">OCLCF</subfield>
    <subfield code="d">DML</subfield>
    <subfield code="d">P@N</subfield>
    <subfield code="d">CD5</subfield>
    <subfield code="d">CHILD</subfield>
    <subfield code="d">CSJ</subfield>
    <subfield code="d">GRC</subfield>
    <subfield code="d">NLC</subfield>
    <subfield code="d">PX9</subfield>
    <subfield code="d">KL6</subfield>
    <subfield code="d">MHW</subfield>
    <subfield code="d">KJ6</subfield>
    <subfield code="d">VTU</subfield>
    <subfield code="d">ILM</subfield>
    <subfield code="d">SEO</subfield>
    <subfield code="d">TXJAS</subfield>
    <subfield code="d">OCLCQ</subfield>
    <subfield code="d">TCJ</subfield>
    <subfield code="d">LKC</subfield>
    <subfield code="d">OCLCQ</subfield>
    <subfield code="d">UTP</subfield>
    <subfield code="d">TXSCH</subfield>
    <subfield code="d">OCLCO</subfield>
    <subfield code="d">DLC</subfield>
  </datafield>
  <datafield tag="050" ind1="0" ind2="0">
    <subfield code="a">PZ7.W33225</subfield>
    <subfield code="b">2007</subfield>
  </datafield>
  <datafield tag="082" ind1="0" ind2="0">
    <subfield code="a">813.6</subfield>
  </datafield>
  <datafield tag="100" ind1="1" ind2=" ">
    <subfield code="a">Watt, M&#xE9;lanie</subfield>
    <subfield code="d">1975-</subfield>
    <subfield code="e">author</subfield>
  </datafield>
  <datafield tag="245" ind1="1" ind2="0">
    <subfield code="a">Chester /</subfield>
    <subfield code="c">written and illustrated by M&#xE9;lanie Watt</subfield>
  </datafield>
  <datafield tag="250" ind1=" " ind2=" ">
    <subfield code="a">First Scholastic priniting , February 2011</subfield>
  </datafield>
  <datafield tag="260" ind1=" " ind2=" ">
    <subfield code="a">New York : </subfield>
    <subfield code="b">Scholastic ; </subfield>
    <subfield code="c">2007 . </subfield>
  </datafield>
  <datafield tag="300" ind1=" " ind2=" ">
    <subfield code="a">24 unnumbered pages : </subfield>
    <subfield code="b">color illustrations ;</subfield>
    <subfield code="c">26 cm . </subfield>
  </datafield>
  <datafield tag="505" ind1=" " ind2=" ">
    <subfield code="a">J 
</subfield>
  </datafield>
  <datafield tag="520" ind1=" " ind2=" ">
    <subfield code="a">As the author/illustrator attempts to create a picture book about a mouse in a house, her rotund feline Chester sends the mouse packing and attempts to rewrite the story with his handy red marker.</subfield>
  </datafield>
  <datafield tag="521" ind1=" " ind2=" ">
    <subfield code="a">480 
</subfield>
    <subfield code="b">Lexile 
</subfield>
  </datafield>
  <datafield tag="521" ind1=" " ind2=" ">
    <subfield code="a">J 
</subfield>
    <subfield code="b">Raz-Plus 
</subfield>
  </datafield>
  <datafield tag="650" ind1=" " ind2="0">
    <subfield code="a">Cats</subfield>
    <subfield code="v">Juvenile fiction.</subfield>
  </datafield>
  <datafield tag="650" ind1=" " ind2="0">
    <subfield code="a">Storytelling</subfield>
    <subfield code="v">Juvenile fiction.</subfield>
  </datafield>
  <datafield tag="650" ind1=" " ind2="1">
    <subfield code="a">Cats</subfield>
    <subfield code="v">Fiction.</subfield>
  </datafield>
  <datafield tag="650" ind1=" " ind2="1">
    <subfield code="a">Animals</subfield>
    <subfield code="v">Fiction.</subfield>
  </datafield>
  <datafield tag="650" ind1=" " ind2="1">
    <subfield code="a">Storytelling</subfield>
    <subfield code="v">Fiction.</subfield>
  </datafield>
  <datafield tag="650" ind1=" " ind2="7">
    <subfield code="a">Cats.</subfield>
    <subfield code="2">fast</subfield>
    <subfield code="0">(OCoLC)fst00849374</subfield>
  </datafield>
  <datafield tag="650" ind1=" " ind2="7">
    <subfield code="a">Picture books for children.</subfield>
    <subfield code="2">fast</subfield>
    <subfield code="0">(OCoLC)fst01063717</subfield>
  </datafield>
  <datafield tag="650" ind1=" " ind2="7">
    <subfield code="a">Storytelling.</subfield>
    <subfield code="2">fast</subfield>
    <subfield code="0">(OCoLC)fst01134169</subfield>
  </datafield>
  <datafield tag="650" ind1=" " ind2="7">
    <subfield code="a">Cats</subfield>
    <subfield code="v">Fiction.</subfield>
    <subfield code="2">sears</subfield>
  </datafield>
  <datafield tag="650" ind1=" " ind2="7">
    <subfield code="a">Mice</subfield>
    <subfield code="v">Fiction.</subfield>
    <subfield code="2">sears</subfield>
  </datafield>
  <datafield tag="655" ind1=" " ind2="7">
    <subfield code="a">Animal fiction.</subfield>
    <subfield code="2">lcgft</subfield>
  </datafield>
  <datafield tag="655" ind1=" " ind2="7">
    <subfield code="a">Picture books.</subfield>
    <subfield code="2">lcgft</subfield>
  </datafield>
  <datafield tag="655" ind1=" " ind2="7">
    <subfield code="a">Picture books.</subfield>
    <subfield code="2">fast</subfield>
    <subfield code="0">(OCoLC)fst01726789</subfield>
  </datafield>
  <datafield tag="655" ind1=" " ind2="7">
    <subfield code="a">Fiction.</subfield>
    <subfield code="2">fast</subfield>
    <subfield code="0">(OCoLC)fst01423787</subfield>
  </datafield>
  <datafield tag="655" ind1=" " ind2="7">
    <subfield code="a">Juvenile works.</subfield>
    <subfield code="2">fast</subfield>
    <subfield code="0">(OCoLC)fst01411637</subfield>
  </datafield>
  <datafield tag="906" ind1=" " ind2=" ">
    <subfield code="a">7</subfield>
    <subfield code="b">cbc</subfield>
    <subfield code="c">copycat</subfield>
    <subfield code="d">2</subfield>
    <subfield code="e">ncip</subfield>
    <subfield code="f">20</subfield>
    <subfield code="g">y-gencatlg</subfield>
  </datafield>
  <datafield tag="942" ind1=" " ind2=" ">
    <subfield code="2">ddc</subfield>
    <subfield code="c">BK</subfield>
    <subfield code="n">0</subfield>
  </datafield>
  <datafield tag="999" ind1=" " ind2=" ">
    <subfield code="c">4416</subfield>
    <subfield code="d">4416</subfield>
  </datafield>
  <datafield tag="952" ind1=" " ind2=" ">
    <subfield code="0">0</subfield>
    <subfield code="1">0</subfield>
    <subfield code="2">ddc</subfield>
    <subfield code="4">0</subfield>
    <subfield code="7">0</subfield>
    <subfield code="8">JUVF</subfield>
    <subfield code="a">002</subfield>
    <subfield code="b">002</subfield>
    <subfield code="c">TTP Dark Blue</subfield>
    <subfield code="d">2024-08-21</subfield>
    <subfield code="l">2</subfield>
    <subfield code="o">WAT 813.6 PZ7.W33225</subfield>
    <subfield code="p">FIS01840</subfield>
    <subfield code="r">2025-05-29 13:25:26</subfield>
    <subfield code="s">2025-05-08</subfield>
    <subfield code="t">1</subfield>
    <subfield code="w">2024-08-21</subfield>
    <subfield code="y">BK</subfield>
  </datafield>
  <datafield tag="952" ind1=" " ind2=" ">
    <subfield code="0">0</subfield>
    <subfield code="1">0</subfield>
    <subfield code="2">ddc</subfield>
    <subfield code="4">0</subfield>
    <subfield code="7">0</subfield>
    <subfield code="8">JUVF</subfield>
    <subfield code="a">001</subfield>
    <subfield code="b">001</subfield>
    <subfield code="c">TK Blue</subfield>
    <subfield code="d">2025-04-21</subfield>
    <subfield code="l">1</subfield>
    <subfield code="o">WAT 813.6 PZ7.W33225</subfield>
    <subfield code="p">FISBK06159</subfield>
    <subfield code="r">2025-05-07 08:12:08</subfield>
    <subfield code="s">2025-04-30</subfield>
    <subfield code="t">2</subfield>
    <subfield code="w">2025-04-21</subfield>
    <subfield code="y">BK</subfield>
  </datafield>
  <datafield tag="952" ind1=" " ind2=" ">
    <subfield code="0">0</subfield>
    <subfield code="1">0</subfield>
    <subfield code="2">ddc</subfield>
    <subfield code="4">0</subfield>
    <subfield code="7">0</subfield>
    <subfield code="8">JUVF</subfield>
    <subfield code="a">002</subfield>
    <subfield code="b">002</subfield>
    <subfield code="c">TTP Dark Blue</subfield>
    <subfield code="d">2025-08-01</subfield>
    <subfield code="l">0</subfield>
    <subfield code="o">WAT 813.6 PZ7.W33225</subfield>
    <subfield code="p">FISTK00734</subfield>
    <subfield code="r">2025-08-01 14:31:28</subfield>
    <subfield code="t">3</subfield>
    <subfield code="w">2025-08-01</subfield>
    <subfield code="y">BK</subfield>
  </datafield>
</record>
